Estudios geológicos e hidrogeológicos en la región comprendida entre boca del Rio Negro, (Record no. 26028)

MARC details
000 -LEADER
fixed length control field 01115cam a22002411 4500
001 - CONTROL NUMBER
control field gs 20000358
003 - CONTROL NUMBER IDENTIFIER
control field DLC
005 - DATE AND TIME OF LATEST TRANSACTION
control field 20260227111324.0
008 - FIXED-LENGTH DATA ELEMENTS--GENERAL INFORMATION
fixed length control field 920629s1918 ag f 000 0 spa c
010 ## - LIBRARY OF CONGRESS CONTROL NUMBER
LC control number gs 20000358
035 ## - SYSTEM CONTROL NUMBER
System control number (OCoLC)26102089
040 ## - CATALOGING SOURCE
Original cataloging agency Library, U.S. Geological Survey
Transcribing agency CSt
Modifying agency DLC
042 ## - AUTHENTICATION CODE
Authentication code premarc
050 00 - LIBRARY OF CONGRESS CALL NUMBER
Classification number QE231
Item number .W47
100 1# - MAIN ENTRY--PERSONAL NAME
Personal name Wichmann, Richard,
Dates associated with a name 1881-1930.
245 00 - TITLE STATEMENT
Title Estudios geológicos e hidrogeológicos en la región comprendida entre boca del Rio Negro,
Remainder of title San Antonio y Choele-Choel,
Statement of responsibility, etc. por el doctor Wichmann ...
260 ## - PUBLICATION, DISTRIBUTION, ETC.
Place of publication, distribution, etc. Buenos Aires,
Name of publisher, distributor, etc. Talleres gráficos del Ministerio de agricultura de la nación,
Date of publication, distribution, etc. 1918.
300 ## - PHYSICAL DESCRIPTION
Extent 4 p. l., [7]-44 p.
Other physical details V pl.
Dimensions 27 cm.
490 0# - SERIES STATEMENT
Series statement [Agrentine Republic] Ministerio de agricultura. Sección geología, mineralogía y minería. Anales.
Volume/sequential designation t. 13, núm. 3
500 ## - GENERAL NOTE
General note At head of title: ... Dirección general de minas, geología e hidrologia. Contribución al conocimiento geológico de la República Argentina. III. Informes y comunicaciones.
650 #0 - SUBJECT ADDED ENTRY--TOPICAL TERM
Topical term or geographic name entry element Geology
Geographic subdivision Argentina.
650 #0 - SUBJECT ADDED ENTRY--TOPICAL TERM
Topical term or geographic name entry element Water-supply
Geographic subdivision Argentina.

No items available.

Powered by Koha